[Event "Brno ÈEZ Talent"]
[Site "?"]
[Date "2014.08.28"]
[Round "6"]
[White "Miculka, Petr"]
[Black "Lanc, Alois"]
[Result "1-0"]
[WhiteElo "2029"]
[BlackElo "2363"]
[PlyCount "53"]
[EventDate "2014.??.??"]

1. e4 c5 2. Nf3 d6 3. c3 b6 4. d4 Bb7 5. Bd3 g6 6. O-O Bg7 7. Re1 Nd7 8. Nbd2
Qc7 9. a4 a6 10. b4 Ngf6 11. e5 dxe5 12. dxe5 Ng4 {Diagram #} 13. e6 fxe6 14.
Ne4 c4 15. Neg5 cxd3 16. Nxe6 Qxc3 17. Ra3 Bxf3 18. gxf3 Qc6 19. Nxg7+ Kf7 20.
fxg4 Kxg7 21. Rxd3 Nf6 22. g5 Rhe8 23. Bb2 Ra7 24. Rd8 Rxd8 25. Qxd8 Kf7 26.
gxf6 exf6 27. Qh8 1-0

[Event "Brno ÈEZ Talent"]
[Site "?"]
[Date "2014.08.28"]
[Round "6"]
[White "Meszaros, Ludek"]
[Black "Holemar, David"]
[Result "1/2-1/2"]
[WhiteElo "2101"]
[BlackElo "2246"]
[PlyCount "39"]
[EventDate "2014.??.??"]

1. e4 d5 2. exd5 Nf6 3. Nc3 c6 4. dxc6 Nxc6 5. Nf3 e5 6. Bb5 Bc5 7. d3 O-O 8.
Bxc6 bxc6 9. Be3 Bxe3 10. fxe3 Qb6 11. Qd2 e4 12. Nxe4 Nxe4 13. dxe4 Qxb2 14.
O-O c5 15. a4 Be6 16. Rfb1 Qc3 17. Qd3 Qf6 18. Qd6 Qc3 19. Qd3 Qf6 20. Qd6 {
Diagram #} 1/2-1/2

[Event "Brno ÈEZ Talent"]
[Site "?"]
[Date "2014.08.28"]
[Round "6"]
[White "Miculka, David"]
[Black "Pokorny, Petr"]
[Result "1/2-1/2"]
[WhiteElo "2018"]
[BlackElo "2126"]
[PlyCount "46"]
[EventDate "2014.??.??"]

1. e4 e5 2. Nf3 Nc6 3. Bb5 a6 4. Ba4 Nf6 5. O-O Nxe4 6. d4 b5 7. Bb3 d5 8. dxe5
Be6 9. c3 Bc5 10. Nbd2 O-O 11. Bc2 Nxf2 12. Rxf2 f6 13. exf6 Bxf2+ 14. Kxf2
Qxf6 15. Nb3 Ne5 16. Nbd4 Bg4 17. Kg1 c5 18. h3 Bh5 19. Nf5 {
(Az sem podle pøedchùdcù. Nyní je obvyklejsí 19.Sg5)} Nxf3+ 20. gxf3 {Diagram #
} Qe5 21. Qxd5+ Qxd5 22. Ne7+ Kh8 23. Nxd5 Bxf3 {(R)} 1/2-1/2

[Event "Brno ÈEZ Talent"]
[Site "?"]
[Date "2014.08.28"]
[Round "6"]
[White "Chudinovskikh, Alexander M"]
[Black "Milcova, Zuzana"]
[Result "1-0"]
[WhiteElo "2273"]
[BlackElo "2027"]
[PlyCount "87"]
[EventDate "2014.??.??"]

1. d4 d5 2. Nc3 Nf6 3. Bg5 c6 4. e3 Bf5 5. Bxf6 exf6 6. Bd3 Bxd3 7. Qxd3 Bb4 8.
Nge2 O-O 9. O-O Nd7 10. a3 Bd6 11. e4 dxe4 12. Nxe4 Bc7 13. Rad1 f5 14. Nd2 g6
15. Nf3 Qf6 16. Qb3 b6 17. d5 Ne5 18. dxc6 Nxf3+ 19. Qxf3 Qxb2 20. Rd7 Qe5 21.
g3 Rac8 22. Nf4 Bb8 23. Rfd1 Kh8 24. Qb3 Qe8 25. Qd5 Kg8 26. c4 Bxf4 27. gxf4
Qe4 28. Rd4 Qe1+ 29. Kg2 Qc3 30. Rxa7 h5 31. Rd7 Qb3 32. Rd3 Qa4 33. c7 Qa7 34.
Qc6 Kg7 35. Re3 h4 36. Qd5 Kg8 37. Qc6 Qa5 38. Kh3 Kg7 39. Kxh4 Rh8+ 40. Kg3 g5
41. Rxf7+ Kxf7 42. Qd7+ Kg6 43. Re6+ Kh5 44. Qf7# 1-0

[Event "Brno ÈEZ Talent"]
[Site "?"]
[Date "2014.08.28"]
[Round "6"]
[White "Blahynka, Martin"]
[Black "Kozusek, Daniel"]
[Result "1/2-1/2"]
[WhiteElo "2210"]
[BlackElo "2191"]
[PlyCount "34"]
[EventDate "2014.??.??"]

1. d4 d5 2. c4 c6 3. Nc3 e6 4. e4 dxe4 5. Nxe4 Bb4+ 6. Nc3 c5 7. Nf3 Nc6 8. a3
Bxc3+ 9. bxc3 Nf6 10. g3 O-O 11. Bg2 Na5 12. Ne5 Nd7 13. Be3 cxd4 14. Nxd7 Bxd7
15. Bxd4 Qc7 16. O-O e5 17. Bxe5 Qxe5 1/2-1/2

[Event "Brno ÈEZ Talent"]
[Site "?"]
[Date "2014.08.28"]
[Round "6"]
[White "Zpevakova, Jana"]
[Black "Richterova, Natasa"]
[Result "1/2-1/2"]
[WhiteElo "2042"]
[BlackElo "2105"]
[PlyCount "71"]
[EventDate "2014.??.??"]

1. d4 d5 2. c4 e6 3. Nf3 Nf6 4. Nc3 c6 5. Bg5 Nbd7 6. e3 Qa5 7. Nd2 Bb4 8. Qc2
O-O 9. Be2 Ne4 10. Ndxe4 dxe4 11. Bh4 e5 12. dxe5 Bxc3+ 13. Qxc3 Qxc3+ 14. bxc3
Nxe5 15. Be7 Re8 16. Bd6 f5 17. O-O Nf7 18. Bg3 b6 19. a4 Be6 20. a5 h6 21.
Rfb1 bxa5 22. Rxa5 Red8 23. Rba1 Rd2 24. Kf1 Rc2 25. R5a3 Rd8 26. Rxa7 Rxc3 27.
Bh5 Bxc4+ 28. Kg1 Bb3 29. h3 Rcd3 30. Rc7 {(R)} R3d7 31. Rxc6 Bd5 32. Rb6 Nh8
33. Kh2 Bf7 34. Be2 Rd2 35. Ba6 Kh7 36. Rab1 {(R)} 1/2-1/2

[Event "Brno ÈEZ Talent"]
[Site "?"]
[Date "2014.08.28"]
[Round "6"]
[White "Hajek, Oskar"]
[Black "Uhmann, Jan"]
[Result "1-0"]
[WhiteElo "2061"]
[BlackElo "2048"]
[PlyCount "107"]
[EventDate "2014.??.??"]

1. e4 e5 2. Nf3 Nc6 3. Bb5 Nf6 4. O-O Bc5 5. c3 Nxe4 6. Qe2 Ng5 7. Nxg5 Qxg5 8.
d4 Qe7 9. dxc5 Qxc5 10. b4 Qe7 11. Bxc6 bxc6 12. f4 e4 13. Re1 f5 14. a4 a5 15.
b5 cxb5 16. axb5 Bb7 17. Ba3 Qe6 18. Nd2 Kf7 19. c4 a4 20. Bb2 Rhd8 21. Qh5+
Kg8 22. Nf3 Qg6 23. Qxg6 hxg6 24. Ne5 d5 25. Nxg6 Kf7 26. Ne5+ Ke6 27. cxd5+
Rxd5 28. Nc6 Bxc6 29. bxc6 g6 30. Be5 Ra7 31. Reb1 Ra6 32. Rb7 Rxc6 33. Rxc7
Rxc7 34. Bxc7 Rc5 35. Be5 Rc4 36. Ra2 Kd5 37. Rd2+ Kc5 38. Kf2 Rc1 39. h3 Kc4
40. Rd6 Rc2+ 41. Kg3 e3 42. Rxg6 Kd3 43. h4 a3 44. h5 Rc1 45. Rd6+ Ke2 46. Ra6
Kd2 47. Rd6+ Ke2 48. h6 Rh1 49. Ra6 Kd2 50. Rxa3 e2 51. Bc3+ Kd3 52. Be1+ Ke4
53. Kf2 Kxf4 54. Rh3 1-0

[Event "Brno ÈEZ Talent"]
[Site "?"]
[Date "2014.08.28"]
[Round "6"]
[White "Kratochvil, Josef"]
[Black "Svanda, Ondrej"]
[Result "1-0"]
[WhiteElo "2269"]
[BlackElo "1425"]
[PlyCount "61"]
[EventDate "2014.??.??"]

1. e4 c5 2. Nf3 g6 3. d4 cxd4 4. Nxd4 Nc6 5. Nc3 Bg7 6. Nde2 Nf6 7. g3 O-O 8.
Bg2 d6 9. O-O Bd7 10. h3 Rb8 11. a4 a6 12. Nd5 b5 13. axb5 axb5 14. c3 b4 15.
cxb4 Nxb4 16. Kh2 Nfxd5 17. exd5 Bb5 18. Ra3 Rc8 19. Bd2 Nc2 20. Rc3 Bxc3 21.
Bxc3 Na3 22. Re1 Nc4 23. Nd4 Bd7 24. f4 Rb8 25. Nc6 Bxc6 26. Qd4 f6 27. dxc6
Nb6 28. b4 Na4 29. Qc4+ Kg7 30. c7 Qc8 31. Rxe7+ 1-0

[Event "Brno ÈEZ Talent"]
[Site "?"]
[Date "2014.08.28"]
[Round "6"]
[White "Stehlik, Jiri"]
[Black "Dvorak, Adam"]
[Result "1/2-1/2"]
[WhiteElo "1945"]
[BlackElo "2130"]
[PlyCount "107"]
[EventDate "2014.??.??"]

1. d4 Nf6 2. Nf3 c5 3. c3 Qc7 4. e3 g6 5. Nbd2 Bg7 6. Bd3 O-O 7. O-O d6 8. Re1
Nc6 9. a3 Bg4 10. h3 Bxf3 11. Nxf3 e5 12. dxe5 dxe5 13. e4 Ne8 14. Be3 Nd8 15.
Bc4 Nd6 16. Bd5 Kh8 17. b4 c4 18. Nd2 Ne6 19. a4 Nf4 20. Bxf4 exf4 21. e5 Nf5
22. Nxc4 Rfd8 23. Nd6 Nxd6 24. exd6 Rxd6 25. Qf3 Qxc3 26. Rab1 Qxf3 27. Bxf3
Rd7 28. Rbd1 Rc7 29. Re4 g5 30. Rde1 Bf6 31. h4 h6 32. b5 Kg7 33. hxg5 hxg5 34.
Rb1 Rac8 35. Ree1 b6 36. Bc6 Rd8 37. Red1 Rxd1+ 38. Rxd1 Be7 39. Kf1 Bc5 40.
Rd7 Rxd7 41. Bxd7 Kf6 42. Ke2 Ke5 43. f3 Kd4 44. Be8 Kc3 45. Bxf7 Kb4 46. Kd3
Kxa4 47. Be8 Ka5 48. Kc4 Bf2 49. Kb3 a6 50. bxa6 Kxa6 51. Kc4 Kb7 52. Kd5 Kc7
53. Bb5 Bh4 54. Ke6 {(R)} 1/2-1/2

[Event "Brno ÈEZ Talent"]
[Site "?"]
[Date "2014.08.28"]
[Round "6"]
[White "Hrdlicka, Vladan"]
[Black "Majer, Jiri"]
[Result "0-1"]
[WhiteElo "1823"]
[BlackElo "2067"]
[PlyCount "78"]
[EventDate "2014.??.??"]

1. e4 c6 2. d4 d5 3. Nd2 dxe4 4. Nxe4 Nd7 5. Ng5 Ngf6 6. Bc4 e6 7. Qe2 Nb6 8.
N1f3 Nxc4 9. Qxc4 h6 10. Nh3 Qd5 11. Qa4 b5 12. Qa5 b4 13. Qa4 Qb5 14. Qxb5
cxb5 15. Nf4 Bb7 16. Ke2 Rc8 17. Kd1 Be7 18. Be3 O-O 19. Rg1 Rfd8 20. Ne5 Nd5
21. Nxd5 Rxd5 22. f4 f6 23. Nd3 Bd6 24. g4 e5 25. g5 exf4 26. gxf6 Rg5 27. Rxg5
hxg5 28. Bd2 Bf3+ 29. Kc1 gxf6 30. Bxb4 Bxb4 31. Nxb4 Kf7 32. Kd2 Rh8 33. Re1
Rxh2+ 34. Kc3 a5 35. Nd3 Bd5 36. a3 f3 37. Rf1 g4 38. Nf2 Rxf2 39. Rxf2 g3 0-1

[Event "Brno ÈEZ Talent"]
[Site "?"]
[Date "2014.08.28"]
[Round "6"]
[White "Tovarek, Antonin"]
[Black "Kucera, Petr"]
[Result "1-0"]
[WhiteElo "2029"]
[BlackElo "1981"]
[PlyCount "143"]
[EventDate "2014.??.??"]

1. e4 Nf6 2. e5 Nd5 3. Nc3 Nxc3 4. dxc3 d6 5. exd6 exd6 6. Nf3 Be7 7. h3 O-O 8.
Bd3 Nd7 9. O-O Ne5 10. Nxe5 dxe5 11. Qh5 f5 12. Be3 Qe8 13. Bc4+ Kh8 14. Qxe8
Rxe8 15. Rad1 f4 16. Bc1 Bd6 17. Rfe1 Bf5 18. Bd5 Rab8 19. Be4 Bxe4 20. Rxe4 g5
21. c4 b6 22. b3 Kg7 23. Bb2 Kf6 24. a3 Kf5 25. Rde1 h5 26. Bc1 a5 27. c3 Re6
28. b4 Rd8 29. c5 bxc5 30. bxa5 Ra8 31. Ra4 Ra6 32. f3 Re8 33. h4 Rg8 34. hxg5
Rga8 35. Kf2 h4 36. Ke2 Rxa5 37. Rxa5 Rxa5 38. Kd3 Ra4 39. c4 Kxg5 40. Bb2 Kf5
41. Rh1 Be7 42. Kc3 Ra6 43. Kc2 Rg6 44. Rh2 e4 45. fxe4+ Kxe4 46. a4 f3 47.
gxf3+ Kxf3 48. Be5 c6 49. a5 Rg8 50. Bc7 Rc8 51. Bb6 Kg3 52. Rd2 h3 53. Rd3+
Kg4 54. a6 h2 55. Rd1 Bd6 56. a7 {Diagram #} Kh3 57. Rxd6 h1=Q 58. Rh6+ Kg2 59.
Rxh1 Kxh1 60. Bxc5 Kg2 61. Kd3 Kf3 62. Kd4 Rd8+ 63. Ke5 Ke2 64. Bb6 Rc8 65. c5
Kd3 66. Kd6 Kc4 67. Kd7 Rh8 68. Kxc6 Rh6+ 69. Kb7 Rh7+ 70. Bc7 Rh8 71. c6 Kb5
72. Bb8 1-0

[Event "Brno ÈEZ Talent"]
[Site "?"]
[Date "2014.08.28"]
[Round "6"]
[White "Skacelik, Petr"]
[Black "Zeman, Radek"]
[Result "1-0"]
[WhiteElo "2173"]
[BlackElo "1845"]
[PlyCount "87"]
[EventDate "2014.??.??"]

1. d4 d5 2. c4 e6 3. Nc3 Nf6 4. Bg5 Be7 5. e3 h6 6. Bh4 O-O 7. Nf3 b6 8. Rc1
Bb7 9. Bd3 Nbd7 10. O-O c5 11. Qe2 Ne4 12. Bxe7 Qxe7 13. Rfd1 Rfd8 14. cxd5
exd5 15. Ba6 Bxa6 16. Qxa6 Ndf6 17. Ne5 Rac8 18. Nb5 c4 19. Nxa7 Ra8 20. Nac6
Qc7 21. Qb5 Rdc8 22. a3 Nd6 23. Qb4 Kh7 24. Qe1 Qb7 25. Nb4 Nfe8 26. Qe2 f6 27.
Qc2+ Ne4 28. f3 fxe5 29. fxe4 exd4 30. Rxd4 dxe4 31. Rxe4 Kh8 32. Rxc4 Nd6 33.
Rc6 Qe7 34. Qd3 Rxc6 35. Rxc6 Rd8 36. Nd5 Qh4 37. g3 Qg5 38. Nf4 Nf5 39. Qe2
Re8 40. Rc3 g6 41. Qb5 Rd8 42. Qe5+ Kh7 43. Rc7+ Kg8 44. Qe6+ 1-0

[Event "Brno ÈEZ Talent"]
[Site "?"]
[Date "2014.08.28"]
[Round "6"]
[White "Hyll, Jan"]
[Black "Spodny, Josef"]
[Result "1/2-1/2"]
[WhiteElo "1932"]
[BlackElo "2007"]
[PlyCount "162"]
[EventDate "2014.??.??"]

1. e4 g6 2. d4 Bg7 3. Nf3 c6 4. Bd3 d5 5. h3 dxe4 6. Bxe4 Nf6 7. Bd3 Bf5 8.
Bxf5 Qa5+ 9. Nc3 Qxf5 10. Be3 Na6 11. a3 Nc7 12. Qd2 Ncd5 13. Nxd5 cxd5 14. O-O
O-O 15. Qb4 Qd7 16. Ne5 Qc7 17. c4 dxc4 18. Nxc4 Nd5 19. Qb3 e6 20. Rac1 Qd7
21. Ne5 Bxe5 22. dxe5 b6 23. Bg5 Rfc8 24. Rc4 Rxc4 25. Qxc4 Rc8 26. Qh4 Qe8 27.
Qh6 Qf8 28. Rc1 Rxc1+ 29. Bxc1 Qxh6 30. Bxh6 f6 31. exf6 Nxf6 32. f3 Kf7 33.
Kf2 e5 34. Ke3 Ke6 35. g4 Nd5+ 36. Kd3 b5 37. Bd2 Nb6 38. b3 Nd5 39. a4 a6 40.
h4 Kd6 41. Bh6 Nb4+ 42. Ke4 Nd5 43. Bg7 Nc3+ 44. Kd3 Nd5 45. Bf8+ Ke6 46. Bh6
Kd6 47. Ke4 bxa4 48. bxa4 Nc3+ 49. Ke3 Nxa4 50. f4 Ke6 51. fxe5 Kxe5 52. Bg7+
Ke6 53. Kf4 Nc5 54. Bf8 Nd7 55. Bb4 Ne5 56. Ba5 Nf7 57. Ke4 Kd6 58. h5 Ng5+ 59.
Kf4 Ne6+ 60. Ke4 Ng5+ 61. Kf4 Nf7 62. hxg6 hxg6 63. Bd2 Kd5 64. Ba5 Ke6 65. Bc3
Nd6 66. Bb4 Nc4 67. Ke4 Ne5 68. g5 Nc6 69. Bc3 a5 70. Kd3 Kd5 71. Bf6 a4 72.
Kc3 Kc5 73. Bg7 Kd5 74. Bf6 Ne5 75. Kb4 Ke6 76. Kxa4 Kf5 77. Kb3 Nf3 78. Bd8
Nxg5 79. Kc2 Ne4 80. Kd3 Nf6 81. Ke3 g5 1/2-1/2

[Event "Brno ÈEZ Talent"]
[Site "?"]
[Date "2014.08.28"]
[Round "6"]
[White "Glozar, Petr"]
[Black "Benes, Miroslav"]
[Result "0-1"]
[WhiteElo "1566"]
[BlackElo "1957"]
[PlyCount "38"]
[EventDate "2014.??.??"]

1. e4 d5 2. exd5 Nf6 3. d4 Bg4 4. Be2 Bxe2 5. Nxe2 Qxd5 6. O-O Nc6 7. Nbc3 Qf5
8. Bf4 O-O-O 9. Qd2 e5 10. Bg3 h5 11. h4 exd4 12. Nb1 Ne4 13. Qe1 g5 14. a3 Bd6
15. Nd2 gxh4 16. Bxh4 Rde8 17. Nf3 Rhg8 18. Nfxd4 Qg4 19. Bg3 Nxg3 0-1

[Event "Brno ÈEZ Talent"]
[Site "?"]
[Date "2014.08.28"]
[Round "6"]
[White "Turza, Pavel"]
[Black "Veznik, Michael"]
[Result "1/2-1/2"]
[WhiteElo "1776"]
[BlackElo "1934"]
[PlyCount "134"]
[EventDate "2014.??.??"]

1. d4 Nf6 2. Nf3 e6 3. Bg5 c5 4. c3 d5 5. e3 Nbd7 6. Be2 Be7 7. Qc2 O-O 8. Nbd2
h6 9. Bf4 b6 10. h4 Bb7 11. g4 Ne4 12. g5 h5 13. Nxe4 dxe4 14. Nd2 g6 15. Nxe4
cxd4 16. exd4 a6 17. Rg1 Kh8 18. Rd1 b5 19. a3 Qb6 20. Bd3 e5 21. dxe5 Qe6 22.
Qe2 Nxe5 23. Bxe5+ Qxe5 24. Ng3 Qf4 25. Be4 Rab8 26. Bxb7 Rxb7 27. Qe4 Qb8 28.
Rd5 Bf6 29. Qf3 Re7+ 30. Kf1 Bg7 31. Kg2 Rfe8 32. Rgd1 Qc7 33. Rd6 Be5 34. Rc6
Qb7 35. Rc5 Qb8 36. Rcd5 Qc7 37. Ne4 Qc4 38. Rd8 Bg7 39. Rxe8+ Rxe8 40. Nd6 Qe6
41. Nxe8 Qxe8 42. Qd5 Qe2 43. Qf3 Qe7 44. Rd2 f6 45. Re2 Qf7 46. gxf6 Bxf6 47.
Qe4 Kg7 48. f3 Qc7 49. f4 Qd8 50. f5 Bxh4 51. Qd4+ Qxd4 52. cxd4 gxf5 53. Re6
Bf6 54. Rxa6 Bxd4 55. b3 Bb2 56. Kg3 Bc1 57. a4 f4+ 58. Kf3 bxa4 59. bxa4 Be3
60. Rc6 Bd2 61. Rc2 Be3 62. a5 Kf6 63. a6 Ke5 64. Rh2 Kd5 65. Rxh5+ Kc6 {
Diagram #} 66. Rh6+ Kb5 67. Re6 Bb6 1/2-1/2

[Event "Brno ÈEZ Talent"]
[Site "?"]
[Date "2014.08.28"]
[Round "6"]
[White "Khachatouri, Saro"]
[Black "Blazek, Pavel"]
[Result "0-1"]
[WhiteElo "1790"]
[BlackElo "1770"]
[PlyCount "48"]
[EventDate "2014.??.??"]

1. d3 e5 2. Nf3 Nc6 3. e4 Bc5 4. Be2 d6 5. c3 Nf6 6. b4 Bb6 7. Nbd2 O-O 8. O-O
a6 9. a4 Ne8 10. Bb2 f5 11. exf5 Bxf5 12. Ne4 h6 13. a5 Ba7 14. b5 axb5 15.
Qb3+ d5 16. Ng3 Nxa5 17. Rxa5 Bxf2+ 18. Rxf2 Rxa5 19. Ba3 Nd6 20. Qxd5+ Kh7 21.
Bxd6 Ra1+ 22. Bf1 Qxd6 23. Qxe5 Bxd3 {Diagram #} 24. Rd2 Qxe5 0-1

[Event "Brno ÈEZ Talent"]
[Site "?"]
[Date "2014.08.28"]
[Round "6"]
[White "Sarson, Ondrej"]
[Black "Effenberger, Adam"]
[Result "1-0"]
[WhiteElo "1778"]
[BlackElo "1734"]
[PlyCount "55"]
[EventDate "2014.??.??"]

1. e4 c5 2. c3 g6 3. d4 cxd4 4. cxd4 d5 5. e5 Nc6 6. Nc3 Bg7 7. Be3 Nh6 8. Nf3
O-O 9. Bd3 Bg4 10. Be2 e6 11. O-O Nf5 12. h3 Bxf3 13. Bxf3 Nxe3 14. fxe3 a6 15.
Qe2 Rc8 16. Rac1 Qa5 17. Rfd1 Rc7 18. a3 Rfc8 19. e4 dxe4 20. Bxe4 Qb6 21. Bxc6
Rxc6 22. Rc2 Rd8 23. Rcd2 f6 24. Kh1 fxe5 25. dxe5 Rxd2 26. Rxd2 Qc7 27. Qd1 {
Diagram #} Bxe5 28. Rd8+ 1-0

[Event "Brno ÈEZ Talent"]
[Site "?"]
[Date "2014.08.28"]
[Round "6"]
[White "Licka, Vlastimil"]
[Black "Greussing, Stefan"]
[Result "1-0"]
[WhiteElo "1959"]
[BlackElo "1803"]
[PlyCount "120"]
[EventDate "2014.??.??"]

1. e4 e6 2. d4 d5 3. e5 c5 4. c3 Nc6 5. Nf3 Qb6 6. Be2 Nge7 7. dxc5 Qxc5 8. b4
Qb6 9. b5 Na5 10. Be3 Qc7 11. O-O Nc4 12. Bd4 Bd7 13. a4 Ng6 14. Bxc4 Qxc4 15.
Nbd2 Qc7 16. Qe2 Be7 17. c4 dxc4 18. Qe3 O-O 19. Rfc1 a6 20. Nxc4 Qd8 21. Bb6
Qe8 22. bxa6 Rxa6 23. a5 Bc6 24. Nd4 Bd5 25. Bc7 h6 26. g3 f6 27. f4 fxe5 28.
Nxe5 Nxe5 29. Bxe5 Bd6 30. Bxd6 Rxd6 31. Qe5 Rd7 32. Re1 Re7 33. Rac1 Qb8 34.
Qxb8 Rxb8 35. Rc5 Kf7 36. Kf2 b6 37. Rb5 Bc4 38. Rxb6 Rxb6 39. axb6 Rd7 40. Ke3
Ke7 41. Rb1 Rb7 42. Nc6+ Ke8 43. Na5 Ba2 44. Rb2 Rb8 45. Nc6 Rb7 46. Rxa2 Rxb6
47. Ne5 g5 48. Ra8+ Ke7 49. Ra7+ Ke8 50. Rh7 Rb3+ 51. Nd3 gxf4+ 52. gxf4 Ra3
53. Rxh6 Kf7 54. h4 Ra5 55. Ne5+ Kg7 56. Rxe6 Ra3+ 57. Ke4 Rh3 58. Nf3 Rh1 59.
f5 Kg8 60. Rg6+ Kh7 1-0

[Event "Brno ÈEZ Talent"]
[Site "?"]
[Date "2014.08.28"]
[Round "6"]
[White "Kaplan, Milan"]
[Black "Prokop, Jiri"]
[Result "0-1"]
[WhiteElo "1800"]
[BlackElo "1693"]
[PlyCount "98"]
[EventDate "2014.??.??"]

1. e4 d6 2. d4 Nf6 3. Nc3 g6 4. Bc4 Bg7 5. Nf3 c6 6. a3 O-O 7. h3 Qc7 8. Be3 e6
9. Ba2 Nbd7 10. Qd2 a6 11. Bh6 b5 12. Bxg7 Kxg7 13. h4 h5 14. Ng5 Nb6 15. Ne2
Qe7 16. O-O-O Nc4 17. Qc3 d5 18. Bxc4 bxc4 19. e5 Nh7 20. f4 f6 21. exf6+ Qxf6
22. Qe3 Ra7 23. Nf3 Bd7 24. Ne5 Rb8 25. c3 Nf8 26. g4 Rab7 27. Rd2 Rb3 28. gxh5
Qe7 29. Rc2 {Diagram #} Rxb2 30. Nxc6 Rb1+ 31. Kd2 Bxc6 32. Rxb1 Rxb1 33. Qe5+
Qf6 34. h6+ Kf7 35. Qg5 Qf5 36. Qxf5+ exf5 37. Ke3 Ba4 38. Rc1 Rxc1 39. Nxc1
Nh7 40. Ne2 Nf6 41. Ng3 Ng4+ 42. Kd2 Nxh6 43. h5 gxh5 44. Nxh5 Kg6 45. Ng3 Ng4
46. Ke2 Nf6 47. Ke3 Ne4 48. Nxe4 fxe4 49. Kf2 Kf5 0-1

[Event "Brno ÈEZ Talent"]
[Site "?"]
[Date "2014.08.28"]
[Round "6"]
[White "Dumkova, Daniela"]
[Black "Lisik, Miroslav"]
[Result "1-0"]
[WhiteElo "1745"]
[BlackElo "1678"]
[PlyCount "79"]
[EventDate "2014.??.??"]

1. e4 c5 2. d3 g6 3. g3 Bg7 4. Bg2 Nc6 5. f4 d6 6. Nf3 Bg4 7. h3 Bxf3 8. Qxf3
Nd4 9. Qd1 Nf6 10. c3 Nc6 11. O-O O-O 12. Nd2 Rb8 13. Nf3 Nd7 14. Kh2 b5 15. a3
b4 16. axb4 cxb4 17. d4 bxc3 18. bxc3 Qc7 19. Qd3 e5 20. Ra6 Rb6 21. fxe5 dxe5
22. d5 Rxa6 23. Qxa6 Ncb8 24. Qd3 Rc8 25. Bd2 Qd6 26. Ng5 f6 27. Ne6 Nc5 28.
Nxc5 Rxc5 29. Ra1 a6 30. c4 Rc8 31. Be3 f5 32. c5 Rxc5 33. Bxc5 Qxc5 34. d6
fxe4 35. Bxe4 Qf2+ 36. Bg2 Qa7 37. Qd5+ Qf7 38. Qa8 Qf8 39. Rf1 Qxd6 40. Rb1
1-0

[Event "Brno ÈEZ Talent"]
[Site "?"]
[Date "2014.08.28"]
[Round "6"]
[White "Zikan, Karel"]
[Black "Barak, David"]
[Result "1-0"]
[WhiteElo "1772"]
[BlackElo "1409"]
[PlyCount "121"]
[EventDate "2014.??.??"]

1. Nf3 Nc6 2. d4 d5 3. c4 Nf6 4. Nc3 Bf5 5. Bf4 e6 6. e3 Bd6 7. Bxd6 Qxd6 8.
Rc1 a6 9. cxd5 exd5 10. a3 O-O 11. Be2 Rfe8 12. O-O Ne4 13. b4 f6 14. Nxd5 Be6
15. Nc3 Nxc3 16. Rxc3 Bd5 17. Bc4 Bxc4 18. Rxc4 Rad8 19. Qb3 Qd5 20. Rc3 Qxb3
21. Rxb3 Ne7 22. Rc3 Nd5 23. Rc5 c6 24. Rfc1 Re7 25. g3 g5 26. Kg2 Kg7 27. Ne1
Rde8 28. Nd3 h6 29. a4 Nc7 30. h3 Kg6 31. R5c2 Nd5 32. b5 cxb5 33. axb5 a5 34.
Rc5 Nb6 35. Rc7 Nd5 36. Rxe7 Rxe7 37. Rc5 Nb6 38. Rc1 Nd5 39. Kf1 b6 40. Rc6
Rb7 41. Ne5+ Kg7 42. Nc4 Nb4 43. Rxb6 Rxb6 44. Nxb6 Kf7 45. Ke2 Ke6 46. Kd2 f5
47. Kc3 Kd6 48. Nc4+ Kc7 49. Nxa5 Nd5+ 50. Kc4 Nb6+ 51. Kc5 Nd7+ 52. Kb4 Nf6
53. Nc4 Ne4 54. b6+ Kb7 55. Kb5 h5 56. Na5+ Kb8 57. Ka6 Nd6 58. Nc6+ Ka8 59. d5
g4 60. h4 Nc4 61. b7# 1-0

[Event "Brno ÈEZ Talent"]
[Site "?"]
[Date "2014.08.28"]
[Round "6"]
[White "Martirosyan, Ara"]
[Black "Svanda, Adam"]
[Result "1-0"]
[WhiteElo "1729"]
[BlackElo "1486"]
[PlyCount "121"]
[EventDate "2014.??.??"]

1. Nf3 Nf6 2. g3 g6 3. Bg2 Bg7 4. O-O O-O 5. d3 c5 6. e4 d6 7. Nbd2 Nc6 8. a4
Bd7 9. Nc4 a6 10. a5 Rb8 11. Bd2 Be6 12. Nb6 Nd7 13. Nxd7 Qxd7 14. c3 Bh3 15.
Qa4 Ne5 16. Nxe5 Bxe5 17. Qxd7 Bxd7 18. Bg5 Bf6 19. Bxf6 exf6 20. f4 f5 21. e5
dxe5 22. fxe5 f6 23. Bd5+ Kg7 24. e6 Bc6 25. Bg2 Rfe8 26. Rfe1 Re7 27. Re2 Bxg2
28. Kxg2 Rbe8 29. Rae1 g5 30. d4 cxd4 31. cxd4 Rd8 32. Rd2 Rd5 33. Kf3 h5 34.
h4 Kg6 35. Re3 Kh6 36. Ke2 g4 37. Kd3 Kg7 38. b4 Rd6 39. Rde2 Kf8 40. Rf2 Rdxe6
41. Rxe6 Rxe6 42. Rxf5 b6 43. Rxh5 Kg7 44. Rf5 Kg6 45. Rd5 b5 46. Rc5 Rd6 47.
h5+ Kh6 48. d5 Kxh5 49. Kd4 Rd8 50. Rc6 Ra8 51. Rxf6 Kg5 52. Rc6 Kf5 53. Kc5
Ke5 54. d6 Ke6 55. Kb6 Kd7 56. Kb7 Rb8+ 57. Kxb8 Kxc6 58. Ka7 Kxd6 59. Kxa6 Kc6
60. Ka7 Kc7 61. a6 1-0

[Event "Brno ÈEZ Talent"]
[Site "?"]
[Date "2014.08.28"]
[Round "6"]
[White "Kosina, Vladimir"]
[Black "Glacner, Karel"]
[Result "1-0"]
[WhiteElo "1799"]
[BlackElo "1574"]
[PlyCount "107"]
[EventDate "2014.??.??"]

1. d4 Nf6 2. Nf3 g6 3. Bg5 Bg7 4. Nbd2 d5 5. c3 b6 6. e3 Nbd7 7. Bd3 O-O 8. O-O
Ne8 9. Re1 Bb7 10. Qc2 f5 11. c4 Nef6 12. Rac1 c6 13. Bf4 Ne4 14. Be5 Nxe5 15.
dxe5 Rc8 16. Red1 e6 17. Nxe4 dxe4 18. Bxe4 Qe7 19. Bd3 c5 20. Kf1 Bxf3 21.
gxf3 Bxe5 22. f4 Bg7 23. b3 e5 24. fxe5 Qxe5 25. Kg1 Rc6 26. Bf1 f4 27. Qd3 f3
28. Qd5+ Qxd5 29. Rxd5 Rfc8 30. Rc2 R8c7 31. a4 Re7 32. Bh3 Be5 33. Rcd2 Rcc7
34. Bg4 Bc3 35. R2d3 Be1 36. Bxf3 Rf7 37. Kg2 h6 38. e4 g5 39. h3 Kh7 40. Re3
Bb4 41. Bg4 Ba3 42. Bf5+ Kg7 43. Rd6 Rb7 44. Rg6+ Kf8 45. Rxh6 Bb2 46. Rd3 Bd4
47. Rg6 Rg7 48. Rxg7 Kxg7 49. Kg3 Kf6 50. f4 Rg7 51. Bg4 gxf4+ 52. Kxf4 Be5+
53. Kf3 Rg8 54. Rd7 {a bílý vyhrál. Oba zápisy zmatené. JK.} 1-0

[Event "Brno ÈEZ Talent"]
[Site "?"]
[Date "2014.08.29"]
[Round "7"]
[White "Miculka, Petr"]
[Black "Roubalik, Jakub"]
[Result "0-1"]
[WhiteElo "2029"]
[BlackElo "2347"]
[PlyCount "74"]
[EventDate "2014.??.??"]

1. e4 c5 2. Nf3 e6 3. d3 d5 4. Nbd2 Nc6 5. g3 Bd6 6. Bg2 Nge7 7. O-O O-O 8. Re1
Qc7 9. c3 f6 10. d4 cxd4 11. Nxd4 Nxd4 12. cxd4 Nc6 13. Nb3 dxe4 14. Bxe4 Kh8
15. d5 exd5 16. Qxd5 f5 17. Bg2 Nb4 {Diagram #} 18. Qf3 Nc2 19. Bd2 Nxa1 20.
Rxa1 Be6 21. Qxb7 Qxb7 22. Bxb7 Rab8 23. Bg2 Bxb3 24. axb3 Bc5 25. Bc3 f4 26.
Ra5 Rbc8 27. b4 Bb6 28. Rg5 Rc7 29. Be5 fxg3 30. Bxg3 Rc2 31. Be4 Bxf2+ 32. Kh1
Rc1+ 33. Kg2 Bxg3 34. hxg3 Rc4 35. Bd5 Rxb4 36. b3 Rb5 37. Rh5 g6 0-1

[Event "Brno ÈEZ Talent"]
[Site "?"]
[Date "2014.08.29"]
[Round "7"]
[White "Vechet, Stanislav"]
[Black "Sergeev, Vladimir"]
[Result "1/2-1/2"]
[WhiteElo "2151"]
[BlackElo "2438"]
[PlyCount "73"]
[EventDate "2014.??.??"]

1. d4 Nf6 2. g3 c5 3. d5 b5 4. Bg2 d6 5. e4 g6 6. Ne2 Bg7 7. O-O Nbd7 8. Re1
O-O 9. Nd2 Nb6 10. c3 a5 11. Nf1 b4 12. a3 bxc3 13. Nxc3 a4 14. Ne3 Nfd7 15.
Qc2 Ne5 16. f4 Nec4 17. Nxc4 Nxc4 18. Nxa4 Qa5 19. Nc3 Rb8 20. Rf1 Ba6 21. Rf3
Qb6 22. Na4 Bd4+ 23. Kh1 Qb7 24. Bf1 Na5 25. Bd2 Bxf1 26. Raxf1 Nb3 27. Be1
Rfc8 28. Qd1 Qa6 29. Nc3 Bg7 30. R1f2 c4 31. Na2 Qb6 32. Nb4 Nd4 33. Rc3 {
Diagram #} Nb5 34. Rcc2 Nd4 35. Rc1 Nb3 36. Rb1 Na5 37. Rc2 1/2-1/2

[Event "Brno ÈEZ Talent"]
[Site "?"]
[Date "2014.08.29"]
[Round "7"]
[White "Polak, Tomas"]
[Black "Meszaros, Ludek"]
[Result "1-0"]
[WhiteElo "2511"]
[BlackElo "2101"]
[PlyCount "61"]
[EventDate "2014.??.??"]

1. d4 g6 2. c4 Bg7 3. e4 d6 4. Nc3 Nf6 5. Nf3 O-O 6. Be2 Nbd7 7. O-O e5 8. Re1
c6 9. Bf1 Ne8 10. Bg5 Bf6 11. Be3 Nc7 12. Qd2 exd4 13. Nxd4 Ne5 14. Rad1 Bg4
15. Be2 Bxe2 16. Qxe2 Qe7 17. f4 Nd7 18. Qg4 Bg7 19. Bf2 Ne6 {Diagram #} 20.
Nd5 cxd5 21. exd5 h5 22. Qe2 Ndc5 23. dxe6 fxe6 24. b4 Na4 25. Qc2 Bxd4 26.
Rxd4 Qe8 27. Rxd6 Rxf4 28. Rdxe6 Qf7 29. Bg3 Rf5 30. Qxa4 Rf8 31. Qd1 1-0